Statistics for World Left- hand traffic

Click here to take the quiz!

General Stats

  • This quiz has been taken 25 times
  • The average score is 34 of 49

Answers on the Map

Answers color-coded by a green-red scale on the quiz's map according to % correct below.
 

Answer Stats

Answer% Correct
United Kingdom
100%
Australia
90%
New Zealand
90%
South Africa
85%
India
80%
Ireland
80%
Papua New Guinea
80%
Bahamas
75%
Bangladesh
75%
Cyprus
75%
Indonesia
75%
Jamaica
75%
Japan
75%
Nepal
75%
Tanzania
75%
Antigua and Barbuda
70%
Bhutan
70%
Botswana
70%
Kenya
70%
Lesotho
70%
Malaysia
70%
Maldives
70%
Malta
70%
Pakistan
70%
Saint Lucia
70%
Thailand
70%
Zimbabwe
70%
Brunei
65%
Dominica
65%
Malawi
65%
Mozambique
65%
Namibia
65%
Nauru
65%
Saint Kitts and Nevis
65%
Saint Vincent and the Grenadines
65%
Solomon Islands
65%
Sri Lanka
65%
Trinidad and Tobago
65%
Uganda
65%
Zambia
65%
Barbados
60%
Fiji
60%
Guyana
60%
Mauritius
60%
Seychelles
60%
Suriname
60%
East Timor
55%
Grenada
55%
Singapore
55%

Score Distribution

Percentile by Number Answered

Percent of People with Each Score

Your Score History

You have not taken this quiz